LIBRARY ONLINE CATALOGUE

Sociology of education. (Record no. 10692)

MARC details
000 -LEADER
fixed length control field 00557cam a22002052 4500
001 - CONTROL NUMBER
control field 0000003654
005 - DATE AND TIME OF LATEST TRANSACTION
control field 20151217154341.0
008 - FIXED-LENGTH DATA ELEMENTS--GENERAL INFORMATION
fixed length control field 070511s xx 000 0 eng d
020 ## - INTERNATIONAL STANDARD BOOK NUMBER
International Standard Book Number 0582727006 :
Terms of availability KES 1500
040 ## - CATALOGING SOURCE
Original cataloging agency KABU
Transcribing agency KABU
050 #0 - LIBRARY OF CONGRESS CALL NUMBER
Classification number LC191
Item number .E94
100 1# - MAIN ENTRY--PERSONAL NAME
Personal name Ezewn, Edward.
-- 0000153710
245 10 - TITLE STATEMENT
Title Sociology of education.
260 ## - PUBLICATION, DISTRIBUTION, ETC. (IMPRINT)
Place of publication, distribution, etc. London :
Name of publisher, distributor, etc. Longman,
Date of publication, distribution, etc. 1983.
300 ## - PHYSICAL DESCRIPTION
Extent vii, 152 p.
650 #0 - SUBJECT ADDED ENTRY--TOPICAL TERM
Topical term or geographic name as entry element Educational sociology.
-- 0000153711
908 ## - PUT COMMAND PARAMETER (RLIN)
Put command parameter 070511
950 ## - LOCAL HOLDINGS (RLIN)
-- 1
Holdings
Withdrawn status Lost status Source of classification or shelving scheme Not for loan Home library Current library Date acquired Total Checkouts Full call number Barcode Date last seen Price effective from Koha item type
    Library of Congress Classification   Kabarak, Main Campus Kabarak, Main Campus 17/12/2015   LC191 .E94 010417 17/12/2015 17/12/2015 General Collection